Memorias del sueño /
Sábháilte in:
| Príomhchruthaitheoir: | |
|---|---|
| Formáid: | Anaithnid |
| Teanga: | Spanish |
| Foilsithe / Cruthaithe: |
La Habana, Cuba :
Letras Cubanas,
1991.
|
| Sraith: | (El Papel Literario)
|
| Ábhair: | |
| Clibeanna: |
Cuir clib leis
Níl clibeanna ann, Bí ar an gcéad duine le clib a chur leis an taifead seo!
|
MARC
| LEADER | 000000000a22000000004500 | ||
|---|---|---|---|
| 001 | 001824 | ||
| 041 | 0 | |a spa | |
| 082 | 0 | 4 | |a Cu861.44 |b F597m |
| 100 | 1 | |a Fleites, Alex | |
| 245 | 1 | 0 | |a Memorias del sueño / |c Alex Fleites. |
| 260 | 1 | |a La Habana, Cuba : |b Letras Cubanas, |c 1991. | |
| 300 | |a 31 hojas | ||
| 490 | 1 | |a (El Papel Literario) | |
| 500 | |a El autor nace en Venezuela, luego se nacionalizó en Cuba | ||
| 650 | 4 | |a LITERATURA CUBANA | |
| 650 | 4 | |a POESIA | |
| 999 | |c 8484 |d 8484 | ||
| 942 | |c BK |h Cu861.44 F597m |2 z | ||
